[Event "Titled Tuesday intern op 30th May Late"]
[Site "Chess.com INT"]
[Date "2023.05.30"]
[Round "3"]
[White "Rees, Ioan"]
[Black "Do Nascimento, Christian Almeida"]
[Result "0-1"]
[WhiteElo "2287"]
[BlackElo "2095"]
[PlyCount "68"]
[EventDate "2023.05.30"]
[EventType "swiss (blitz)"]
[EventRounds "11"]
[EventCountry "USA"]
[SourceTitle "CBM 214 Extra"]
[Source "ChessBase"]
[SourceDate "2023.07.31"]
[SourceVersion "1"]
[SourceVersionDate "2023.07.31"]
[SourceQuality "1"]

1. e4 c5 2. Nf3 d6 3. c3 Nf6 4. h3 g6 5. Bd3 Bg7 6. 0-0 0-0 7. Re1 Nc6 8. Bc2 Rb8 9. d4 cxd4 10. cxd4 d5 11. e5 Ne4 12. Bxe4 dxe4 13. Rxe4 Bf5 14. Re1 Nb4 15. Na3 Nd3 16. Re2 Qd5 17. Be3 Nb4 18. Rd2 Rbc8 19. Ne1 Rc6 20. b3 Rfc8 21. Nc4 b5 22. Nb2 Nc2 23. Nxc2 Rxc2 24. Rxc2 Rxc2 25. Nd3 Bxd3 26. Qxd3 Qc6 27. a4 b4 28. Qb5 f6 29. Qxb4 fxe5 30. dxe5 Bxe5 31. Qxe7 Bxa1 32. Qd8+ Kf7 33. Bg5 Rc1+ 34. Kh2 Qc7+ 0-1

[Event "Rio de Janeiro op 2nd"]
[Site "Rio de Janeiro"]
[Date "2023.05.05"]
[Round "6"]
[White "Do Nascimento, Christian Almeida"]
[Black "Filgueiras, Nathan Felipe"]
[Result "0-1"]
[WhiteElo "2095"]
[BlackElo "2319"]
[PlyCount "175"]
[EventDate "2023.05.02"]
[EventType "swiss"]
[EventRounds "9"]
[EventCountry "BRA"]
[SourceTitle "CBM 214 Extra"]
[Source "ChessBase"]
[SourceDate "2023.07.31"]
[SourceVersion "1"]
[SourceVersionDate "2023.07.31"]
[SourceQuality "1"]

1. d4 Nf6 2. Bf4 d5 3. e3 c5 4. c3 Nc6 5. Nf3 e6 6. Be2 Nh5 7. Be5 Nxe5 8. Nxe5 Nf6 9. Bb5+ Nd7 10. Qf3 Qf6 11. Nxd7 Bxd7 12. Bxd7+ Kxd7 13. Qe2 cxd4 14. Qb5+ Kc7 15. cxd4 Rc8 16. 0-0 Kb8 17. Nd2 Bd6 18. Rac1 Qh4 19. Nf3 Qe7 20. Nd2 h5 21. Nb3 h4 22. Na5 Ka8 23. Nb3 a6 24. Qe2 g5 25. Rxc8+ Rxc8 26. h3 Bb8 27. f4 gxf4 28. exf4 Qf6 29. Qg4 Qh8 30. f5 Rg8 31. Qe2 Qg7 32. Qg4 Qh7 33. Qe2 exf5 34. Qf3 Qg7 35. Qxd5 Qg3 36. Nc5 Qe3+ 37. Kh1 Qe7 38. Qxf5 Rd8 39. Qxf7 Qxf7 40. Rf3 Qf6 41. Rxf6 Rxd4 42. Rf7 Be5 43. Kg1 Bg3 44. Rf1 Rc4 45. Nd3 Rc2 46. Rd1 Ka7 47. Kf1 a5 48. a4 Rc4 49. Ra1 Re4 50. Ra3 b6 51. Ra1 Kb7 52. b3 Re3 53. Rd1 Kc6 54. Kg1 Kd5 55. Nf4+ Kc5 56. Rc1+ Kd4 57. Nh5 Re1+ 58. Rxe1 Bxe1 59. Kf1 Bb4 60. Nf4 Bd6 61. Ne2+ Kd3 62. Kf2 Bc5+ 63. Kf3 Kc2 64. g4 hxg3 65. h4 g2 66. Kxg2 Kxb3 67. h5 Bf8 68. Kf3 Kxa4 69. Ke3 Kb4 70. Kd2 a4 71. Kc2 Kc4 72. Ng3 b5 73. Nf5 b4 74. h6 b3+ 75. Kb1 Bb4 76. Ne3+ Kb5 77. Kb2 Bd6 78. Ng4 Bf8 79. Kc3 Kc5 80. Nf6 Bxh6 81. Ne4+ Kd5 82. Nf6+ Kc6 83. Ne4 Kb5 84. Nd6+ Kc5 85. Ne4+ Kb6 86. Kc4 Ka5 87. Nc3 Kb6 88. Ne4 0-1

[Event "Rio de Janeiro op 2nd"]
[Site "Rio de Janeiro"]
[Date "2023.05.05"]
[Round "7"]
[White "Matsuura, Everaldo"]
[Black "Do Nascimento, Christian Almeida"]
[Result "1-0"]
[WhiteElo "2403"]
[BlackElo "2095"]
[PlyCount "65"]
[EventDate "2023.05.02"]
[EventType "swiss"]
[EventRounds "9"]
[EventCountry "BRA"]
[SourceTitle "CBM 214 Extra"]
[Source "ChessBase"]
[SourceDate "2023.07.31"]
[SourceVersion "1"]
[SourceVersionDate "2023.07.31"]
[SourceQuality "1"]

1. e4 e6 2. d4 d5 3. Nc3 Bb4 4. e5 Ne7 5. a3 Bxc3+ 6. bxc3 c5 7. h4 Nbc6 8. h5 h6 9. Qg4 Nf5 10. Bd3 Nce7 11. Qd1 c4 12. Be2 Nc6 13. Bg4 Nce7 14. Ne2 Bd7 15. a4 Qa5 16. Ba3 0-0-0 17. Bb4 Qc7 18. Bxf5 Nxf5 19. g4 f6 20. gxf5 fxe5 21. fxe6 Bxe6 22. dxe5 d4 23. Bd6 Qc6 24. Rg1 d3 25. cxd3 cxd3 26. Qxd3 Bc4 27. Qf5+ Rd7 28. Nd4 Qd5 29. Rxg7 Rhd8 30. Rxd7 Rxd7 31. Rd1 Qa5 32. Bb4 Qd5 33. Qf8+ 1-0

[Event "Rio de Janeiro op 2nd"]
[Site "Rio de Janeiro"]
[Date "2023.05.03"]
[Round "3"]
[White "Lima, Darcy Gustavo Macha"]
[Black "Do Nascimento, Christian Almeida"]
[Result "1/2-1/2"]
[WhiteElo "2448"]
[BlackElo "2095"]
[PlyCount "63"]
[EventDate "2023.05.02"]
[EventType "swiss"]
[EventRounds "9"]
[EventCountry "BRA"]
[SourceTitle "CBM 214 Extra"]
[Source "ChessBase"]
[SourceDate "2023.07.31"]
[SourceVersion "1"]
[SourceVersionDate "2023.07.31"]
[SourceQuality "1"]

1. c4 e5 2. g3 Nc6 3. Bg2 f5 4. d3 Nf6 5. Nc3 Bb4 6. Nf3 0-0 7. 0-0 Bxc3 8. bxc3 d6 9. Rb1 Qe8 10. Ne1 f4 11. e3 fxg3 12. fxg3 e4 13. d4 Bg4 14. Qc2 b6 15. c5 bxc5 16. Bb2 Qh5 17. Qb3+ Kh8 18. Qb7 Na5 19. Qxc7 Nc4 20. Bc1 Rac8 21. Qxa7 Be2 22. Rf2 Bd3 23. Nxd3 exd3 24. Bf3 Qg6 25. Qb7 Ng4 26. Be4 Qh5 27. Rg2 Nf2 28. Rxf2 Qd1+ 29. Kg2 Rxf2+ 30. Kxf2 Qe2+ 31. Kg1 Qe1+ 32. Kg2 1/2-1/2

[Event "Florianopolis op-A 04"]
[Site "Florianopolis"]
[Date "2023.05.01"]
[Round "6"]
[White "Do Nascimento, Christian Almeida"]
[Black "Menna Barreto, Luiz Ney"]
[Result "1/2-1/2"]
[WhiteElo "2116"]
[BlackElo "2226"]
[PlyCount "24"]
[EventDate "2023.04.28"]
[EventType "swiss"]
[EventRounds "6"]
[EventCountry "BRA"]
[SourceTitle "CBM 214 Extra"]
[Source "ChessBase"]
[SourceDate "2023.07.31"]
[SourceVersion "1"]
[SourceVersionDate "2023.07.31"]
[SourceQuality "1"]

1. d4 Nf6 2. Bg5 d5 3. e3 e6 4. Bd3 Be7 5. Nd2 b6 6. c3 a5 7. Ne2 Ba6 8. Bc2 Nbd7 9. Nf3 Ne4 10. Bxe7 Qxe7 11. 0-0 0-0 12. Re1 f5 1/2-1/2